Record Details

Where's Wally? In Hollywood

Martin Handford (Author).

Record details

  • ISBN: 9781406305883
  • Physical Description: paperback
  • Publisher: London Walker Books Ltd 2008
Subject: Picture puzzles

Available copies

  • 1 of 1 copy available at Headquarters.
Location Call Number / Copy Notes Barcode Shelving Location Status Due Date
Teshie Library 201 793.73/HAN 000000213837 700 - Arts, How to Draw, Cartooning, Graphic Novels, Crafts, Music, Sports Available -

No reviews or recommendations are currently available.

Loading shelf browser…

LDR 00620cam a2200205Ka 4500
0012199
003HQ
00520200108135820.0
008070101s enka cr 1 eng d
020 . ‡a9781406305883
037 . ‡aBook Aid
082 . ‡a793.73/HAN
100 . ‡aMartin Handford
245 . ‡aWhere's Wally? In Hollywood
260 . ‡aLondon ‡b Walker Books Ltd ‡c2008
300 . ‡apaperback
650 . ‡aPicture puzzles
901 . ‡a2199 ‡bAUTOGEN ‡c2199 ‡tbiblio

Session Timeout

Your session will expire in minutes and seconds.

If you need more time, please click "Continue Session."

Session Ended

Your session has ended. Redirecting to the home page...